000 00932nam a22002057a 4500
999 _c2215
_d2215
001 20175
003 BD-DhUAP
005 20210128125400.0
008 200220s2017 bg |||| |||| 000 0 ben d
020 _a9789843430168
040 _aBD-DhUAP
_bBen
_cBD-DhUAP
_dBD-DhUAP
082 _223
_a954.9205 MAM
100 _aমামুন, মুনতাসীর।
245 _aস্বাধীন বাংলাদেশের অভ্যুদয়ের ইতিহাস /
_cমুনতাসীর মামুন এবং মো. মাহবুবর রহমান।
260 _aঢাকা :
_bবাংলাদেশ বিশ্ববিদ্যালয় মঞ্জুরী কমিশন,
_cc২০১৭।
300 _a১৯৮ পৃষ্ঠা ;
_c২৪ সেমি.।
650 _aHistory
_y1971
_zBangladesh.
700 _aরহমান, মো. মাহবুবর।
942 _2ddc
_cBK